UBT Library

Prague, 20th century architecture / (Record no. 1128)

000 -LEADER
fixed length control field 00805nam a22002177a 4500
008 - FIXED-LENGTH DATA ELEMENTS--GENERAL INFORMATION
fixed length control field 150720b xxu||||| |||| 00| 0 eng d
020 ## - INTERNATIONAL STANDARD BOOK NUMBER
International Standard Book Number 3211832297
041 0# - LANGUAGE CODE
Language code of text/sound track or separate title eng
080 ## - UNIVERSAL DECIMAL CLASSIFICATION NUMBER
Universal Decimal Classification number 72
245 00 - TITLE STATEMENT
Title Prague, 20th century architecture /
Statement of responsibility, etc editors: Michal Kohout, Vladimir Slapeta, Stephan Templ ; translation: Joy Moss-Kohoutova, Howard Sidenberg.
250 ## -
-- 1st English ed.
260 ## -
-- Praha :
-- Wien ;
-- New York :
-- Zlatý řez ;
-- Springer,
-- 1999.
300 ## -
-- 220 f. :
-- me il.;
-- 22 cm.
505 ## -
-- Chronological index: f. 206-209
505 ## -
-- Architects: f. 210-214
505 ## -
-- Typological index: f. 215-217
505 ## -
-- Bibliography: f. 219
505 ## -
-- Photo and drawings index: f. 220
650 #0 -
-- Arkitekturë
-- Histori
-- 20th century.
-- Republika Çeke
-- Praga
942 ## - ADDED ENTRY ELEMENTS (KOHA)
Source of classification or shelving scheme
Item type Books
Holdings
Withdrawn status Lost status Source of classification or shelving scheme Damaged status Not for loan Collection code Permanent location Current location Shelving location Date acquired Total Checkouts Full call number Date last seen Price effective from Koha item type
          Koleksioni i përgjithshem UBT - Prishtine UBT - Prishtine Koleksioni i përgjithshem 07/20/2015   72 REZ 07/20/2015 07/20/2015 Books
UBT Library © 2015-2024. All rights reserved University Education for Business and Technology